| 000 | 00886nam a2200301Ia 4500 | ||
|---|---|---|---|
| 008 | 160803s9999 xx 000 0 und d | ||
| 020 | _a9780531237021 | ||
| 100 | _aVenezia, Mike | ||
| 245 | _aLise Meitner : | ||
| 245 | _cwritten and illustrated by Mike Venezia. | ||
| 260 | _aNew York : | ||
| 260 | _bChildren's Press, | ||
| 260 | _c2010 | ||
| 300 | _a32 pages : | ||
| 300 | _billustrations (chiefly color) ; | ||
| 300 | _c25 cm. | ||
| 500 | _aIncludes index. | ||
| 650 | _aMeitner, Lise, -- 1878-1968 -- | ||
| 650 | _aMeitner, Lise, -- 1878-1968. | ||
| 650 | _aNuclear fission -- | ||
| 650 | _aPhysicists -- Germany -- Biography -- | ||
| 650 | _aWomen physicists -- Germany -- Biography -- | ||
| 650 | _xJuvenile literature. | ||
| 650 | _xJuvenile literature. | ||
| 650 | _xJuvenile literature. | ||
| 650 | _xJuvenile literature. | ||
| 700 | _a920 | ||
| 999 |
_c298342 _d298342 |
||